Contemporary Business Report Writing
Gespeichert in:
| 1. Verfasser: | |
|---|---|
| Format: | Buch |
| Sprache: | Englisch |
| Veröffentlicht: |
Chicago
The Dryden Press
1991
|
| Ausgabe: | 2. ed. |
| Schlagworte: | |
| Tags: |
Keine Tags, Fügen Sie das erste Tag hinzu!
|
MARC
| LEADER | 00000nam a2200000 4500 | ||
|---|---|---|---|
| 001 | c009849 | ||
| 005 | 20221206114503.2 | ||
| 020 | |a 0-03-033289-3 | ||
| 041 | 0 | |a eng | |
| 044 | |a US | ||
| 245 | 1 | 0 | |a Contemporary Business Report Writing |c Iris I. Varner |
| 250 | |a 2. ed. | ||
| 264 | 1 | |a Chicago |b The Dryden Press |c 1991 | |
| 300 | |a 460 s. | ||
| 610 | 2 | 0 | |a činnosť hospodárska |
| 610 | 2 | 0 | |a rozbory činnosti hospodárskej |
| 610 | 2 | 0 | |a analýzy |
| 610 | 2 | 0 | |a kontrola podniková |
| 610 | 2 | 0 | |a komunikácia |
| 610 | 2 | 0 | |a obchod medzinárodný |
| 610 | 2 | 0 | |a analýza štatistická |
| 100 | 1 | |a Varner, Iris I. | |